000 00917nam a2200301 a 4500
001 000115511
003 CHAP
005 20220329144537.0
008 190531s2016 mx |r| ||||||spa d
010 _a111972
011 _a112944
020 _a9786079218409
040 _cCHAP
082 0 4 _a324.60972
_bT34
245 0 0 _aTestimonios ciudadanos sobre el proceso electoral :
_b2014-2015.
260 _aCiudad de México :
_bInstituto Nacional Electoral,
_c2016.
300 _a219 p.
590 _aE11695DGD
_b10
_c20190605
_lUCH01
_h1404
590 _aE5765TAJ
_b05
_c20190531
_lUCH01
_h1017
590 _aE5765TAJ
_b05
_c20190531
_lUCH01
_h1018
590 _aE5765TAJ
_b05
_c20190531
_lUCH01
_h1159
650 1 4 _aElecciones
_xMéxico.
_936208
650 1 4 _aParticipación ciudadana
_zMéxico.
_9135719
710 1 _aInstituto Nacional Electoral (México)
_9131269
901 _aBK
942 _cLIBRO
942 _n0
999 _c111972
_d111972